000 00332nam a2200145Ia 4500
100 _aMithal/G.K/ Mithal/Ravi
490 _vI
942 _cBK
654 _aelectronic
245 _aElectronic devices and circuits
260 _bTata Mc Graw hill
_aNew Delhi
_c1988
082 _a621.381
_bMIT
300 _a768
546 _aENGLISH
999 _c22838
_d22838